Kraje według częściowych obrazów flag #1 - Statystyki

Ogólne statystyki
  • Ten quiz został rozwiązany 38 razy
  • Średni wynik to 14 z 16
Statystyki odpowiedzi
Obrazkowy Odpowiedź % Poprawnych
Belgia
100%
Grecja
100%
Kanada
100%
Izrael
94%
Katar
94%
Serbia
94%
Republika Południowej Afryki
91%
Stany Zjednoczone
91%
Turcja
91%
Wenezuela
91%
Kuba
88%
Urugwaj
88%
Uganda
79%
Szwecja
73%
Malta
64%
Papua-Nowa Gwinea
64%
Nie znaleziono quizów pasujących do podanych kryteriów
Rozkład punktacji
Procent ludzi z każdym wynikiem
Percentyl według liczby udzielonych odpowiedzi
Twoja historia wyników
Nie rozwiązałeś tego quizu